Madame Curie, die das Radium fand; (Record no. 8895)
[ view plain ]
| 000 -LEADER | |
|---|---|
| fixed length control field | 00679nam a22002177 4500 |
| 001 - CONTROL NUMBER | |
| JCCL Control Number | 8895 |
| 003 - CONTROL NUMBER IDENTIFIER | |
| JCCL marc code | BD-JhCC |
| 005 - DATE AND TIME OF LATEST TRANSACTION | |
| control field | 20180305134437.0 |
| 008 - FIXED-LENGTH DATA ELEMENTS--GENERAL INFORMATION | |
| fixed length control field | 910702s1948 au 000 0 ger |
| 035 ## - SYSTEM CONTROL NUMBER | |
| system control number | (BD-JhCC)8895 |
| 040 ## - CATALOGING SOURCE | |
| Original cataloging agency | DLC |
| Transcribing agency | DLC |
| Modifying agency | DLC |
| -- | BD-JhCC |
| 041 ## - LANGUAGE CODE | |
| Language code of Book | eng |
| 050 00 - LIBRARY OF CONGRESS CALL NUMBER | |
| Classification number | 4PZ Ger 5062 |
| 082 ## - DEWEY DECIMAL CLASSIFICATION NUMBER | |
| Author mark and Year | DOO 1948 |
| 100 1# - MAIN ENTRY--PERSONAL NAME | |
| Personal name | Doorly, Eleanor. [from old catalog] |
| 245 00 - TITLE STATEMENT | |
| Title | Madame Curie, die das Radium fand; |
| Remainder of title | eine Lebensgeschichte für junge Menschen, |
| Statement of responsibility, etc | mit 11 Abbildungen von Robert Gibbings. [The radium woman. Berechtigte Ubersetzung von Edmund Th. Kauer] |
| 260 ## - PUBLICATION, DISTRIBUTION, ETC. (IMPRINT) | |
| Place of publication, distribution, etc | Wien, |
| Name of publisher, distributor, etc | P. Zsolnay, |
| Date of publication, distribution, etc | 1948. |
| 300 ## - PHYSICAL DESCRIPTION | |
| Pagination | 276 p. |
| 942 ## - ADDED ENTRY ELEMENTS (KOHA) | |
| Source of classification or shelving scheme | Dewey Decimal Classification |
| Koha item type | Books |
| Source of classification or shelving scheme | Damaged status | Not for loan | Home library | Current library | Shelving location | Date of accession | Full call number | Barcode | Date last seen | Copy number | Method of acquisition | Koha item type |
|---|---|---|---|---|---|---|---|---|---|---|---|---|
| Dewey Decimal Classification | JCC Rouf Library | JCC Rouf Library | General Stacks | 11/07/2023 | 925.4 DOO 1970 | 11915 | 03/05/2018 | C - 1 | Purchase | Books |